Production Management Systems : (Record no. 31763)

000 -LEADER
fixed length control field 01190pam a2200325 a 4500
001 - CONTROL NUMBER
control field 4925583
003 - CONTROL NUMBER IDENTIFIER
control field OSt
005 - DATE AND TIME OF LATEST TRANSACTION
control field 20211126103824.0
008 - FIXED-LENGTH DATA ELEMENTS--GENERAL INFORMATION
fixed length control field 951020s1996 enka b 001 0 eng
010 ## - LIBRARY OF CONGRESS CONTROL NUMBER
LC control number 95026032
020 ## - INTERNATIONAL STANDARD BOOK NUMBER
International Standard Book Number 0201422972 (alk. paper)
038 ## - RECORD CONTENT LICENSOR
Staff Name khadija
040 ## - CATALOGING SOURCE
Original cataloging agency DLC
Transcribing agency DLC
Modifying agency DLC
050 00 - LIBRARY OF CONGRESS CALL NUMBER
Classification number TS155.6
Item number .B76 1996
082 00 - DEWEY DECIMAL CLASSIFICATION NUMBER
Classification number 658.5
Edition number 20
Author Mark BRO
100 1# - MAIN ENTRY--PERSONAL NAME
Personal name Browne, Jimmie.
9 (RLIN) 85162
245 10 - TITLE STATEMENT
Title Production Management Systems :
Remainder of title An Integrated Perspective /
Statement of responsibility, etc. Jimmie Browne, John Harhen, James Shivnan ; with case studies by Michael S. Spencer.
250 ## - EDITION STATEMENT
Edition statement 2nd ed.
260 ## - PUBLICATION, DISTRIBUTION, ETC.
Place of publication, distribution, etc. Harlow, England ;
-- Reading, Mass. :
Name of publisher, distributor, etc. Addison-Wesley Pub. Co.,
Date of publication, distribution, etc. c1996.
300 ## - PHYSICAL DESCRIPTION
Extent xxiv, 425 p. :
Other physical details ill. ;
Dimensions 24 cm.
504 ## - BIBLIOGRAPHY, ETC. NOTE
Bibliography, etc. note Includes bibliographical references and index.
563 ## - BINDING INFORMATION
Binding note HB
650 #0 - SUBJECT ADDED ENTRY--TOPICAL TERM
Topical term or geographic name entry element Production management
General subdivision Data processing.
9 (RLIN) 85163
650 #0 - SUBJECT ADDED ENTRY--TOPICAL TERM
Topical term or geographic name entry element Computer integrated manufacturing systems.
9 (RLIN) 85164
700 1# - ADDED ENTRY--PERSONAL NAME
Personal name Harhen, John.
9 (RLIN) 85165
700 1# - ADDED ENTRY--PERSONAL NAME
Personal name Shivnan, James.
9 (RLIN) 85166
906 ## - LOCAL DATA ELEMENT F, LDF (RLIN)
a 7
b cbc
c orignew
d 1
e ocip
f 19
g y-gencatlg
942 ## - ADDED ENTRY ELEMENTS (KOHA)
Source of classification or shelving scheme
Koha item type Book
Holdings
Withdrawn status Lost status Source of classification or shelving scheme Damaged status Not for loan Permanent Location Current Location Shelving location Date acquired Full call number Barcode Date last seen Price effective from Koha item type
          School of Mechanical & Manufacturing Engineering (SMME) School of Mechanical & Manufacturing Engineering (SMME) General Stacks 07/01/2015 658.5 BRO SMME-291 03/27/2018 07/01/2015 Book
© 2023 Central Library, National University of Sciences and Technology. All Rights Reserved.